01382cam a2200217 a 450000500170000002000150001704000350003208200120006710000220007924500510010125000400015226000550019230000950024750400510034252006450039354600090103865000420104765000410108965000130113070000210114320250923083902.0 a0130796115 aMCCLbeng.eAACR 2nd rev. ed.00a658 GRI1 aGriffin, Ricky W.10aBusiness /cRicky W. Griffin, Ronald J. Ebert. a5th ed., annotated instructor's ed. aUpper Saddler River, N.J. :bPrentice Hall,c1999. a1 v. (various pagings) :bcol. ill. ;c29 cm. +e1 computer laser optical disc (4 3/4 in.) aIncludes bibliographical references and index. aTargeting all business disciplines - marketing, management, legal studies, production and operations management, economics, finance, accounting- Griffin and Ebert's Business, fifth edition- is written to focus on the'' It's Your Business'' theme'' showing students the ways in which a knowledge of business practices and vocabulary can enhance the choices and decisions they will make in their lives. this massage is further rein forced through current business news and events, dynamic showtime video cases, and interactive web vignettes that link to the Business , fifth Edition Web site located at www. com prenhall.com /phlip.  aeng. 0aIndustrial managementzUnited States. 0aBusiness enterpriseszUnited States. 0aBusiness1 aEbert, Ronald J.